Score 0/7 Timer 03:00
0 Plays Today
Question Answer Wrong Answers
This country adopts the flag design commonly known as Hinomaru for their international merchant ships.
1870
Japan
83.1%
Vietnam
3.8%
China
6.8%
Mongolia
4.3%
This famous poet addresses the House of Lords in the defense of Luddites.
1812
Lord Byron
66.5%
John Keats
18.2%
Sylvia Plath
2.8%
W.B. Yeats
11.2%
The 22nd Amendment of the United States Constitution is ratified. The amendment...
1951
Limits an elected president to two terms
60.5%
Prevents Congress from granting themselves pay raises during the current session
7%
Officially lowers the voting age to 18
23%
Grants the District of Colombia electoral votes
6.8%
The University of Constantinople is founded in this empire.
425
Byzantine
57.5%
Ottoman
38.1%
British
1.7%
Mongol
2.3%
The Italian government asks for help to prevent...
1964
The Tower of Pisa tipping over
48.4%
The Colosseum collapsing
13.3%
Venice sinking
29.2%
Pompeii being affected by acid rain
6%
This famous Roman emperor was born.
272
Constantine the Great
29.6%
Augustus
18.4%
Nero
41.4%
Marcus Aurelius
10.5%
This famous American actor dies.
2015
Leonard Nimoy
25.1%
Gene Wilder
10.3%
Robin Williams
57.1%
Andy Griffith
4.5%
Remove Ads.
Support Sporcle.
Get the best of Sporcle when you Go Orange. This ad-free experience offers more features, more stats, and more fun while also helping to support Sporcle. Thank you for becoming a member.

You're not logged in!

Compare scores with friends on all Sporcle quizzes.
OR
Log In

Show Comments

Extras

Top Quizzes Today


Score Distribution

Your Account Isn't Verified!

In order to create a playlist on Sporcle, you need to verify the email address you used during registration. Go to your Sporcle Settings to finish the process.

Report this User

Report this user for behavior that violates our Community Guidelines.

Details: